000 00967cab a2200205 4500
001 ##L134941
008 060912n2006 000 0 eng u
035 _a(Sirsi) u134941
041 0 _aeng
100 1 _aSmith, Kristina
245 0 0 _aProject
_bRoyal Observatory
_bstars and strife
260 _c2006
490 0 _aConstruction Manager
_vSeptember 2006, 16-21(4)
520 _aExamines the construction of a bronze cone for a new planetarium in Greenwich (part of the Greenwich Time and Space project at the Royal Observatory) and the successful use of Construction Management (CM). Expands on the construction manager's hands on style of CM and the challenges of constructing the bronze cone. Although CM worked for this project, the article outlines the potential pitfalls of CM. Includes key facts about the project.
590 _aIKA190906
651 4 _aGREENWICH
651 4 _aUnited Kingdom
_y
690 _aConstruction management
_96230
942 _n0
999 _c77721
_d77721